Регионална библиотека "Любен Каравелов" - Русе

В гробницата на мумията (Запис номер 88048)

MARC детайли
000 -Лидер
Лидер 01441nam a2200313 a 4500
003 - Код на организацията, давaща контролен номер
Код на организацията, даваща контролен номер BLK
005 - Дата и час на последна редакция
Дата и час на последна редакция 20241023180548.0
008 - Елементи от данни с фиксирана дължина
Елементи с фиксирана дължина 180408b bul|||||r ||||||| ||bul||
020 ## - Международен стандартен номер на книга ISBN
ISBN 9789549226355
040 ## - Източник на каталожния запис
Код на библиотеката BLK
041 ## - Код за език
Език Български
Език за КДБФ Български
080 ## - УДК
УДК текст Американска литература (на САЩ)
УДК код 821.111(73)
УДК – определител -93-322.4
УДК – код + определител 821.111(73)-93-322.4
100 1# - Редна дума - Автор
Автор Стайн, Робърт Лорънс
R(LIN) 369934
245 10 - Сведения за заглавието
Заглавие В гробницата на мумията
Подзаглавни данни Забавен трилър за деца
Авторска отговорност Р. Л. Стайн; прев. Елена Щерева.
257 ## - Страна на издаване
Страна на създаване/издаване Съединени американски щати
260 ## - Област на издателските данни
Място на издаване София
Име на издателя Агенция Ню импрес
Година на издаване 2009
Печатница София : Симолини-94
300 ## - Физическа характеристика
Брой страници 152 с.
Размер 20 см
380 ## - Жанр
Жанр Детска худож. лит.
490 1# - СЕРИИ (Колекции)
Серия Поредица Goosebumps
500 ## - Общи забележки
Обща забележка Ориг. загл. The curse of the mummy's tomb. - Съдържа и Не поглеждай под мивката! : Откъс. - Изд. на ориг. Parachute Press в сер. Goosebumps. - Офс. изд.
653 ## - Ключова дума – ненормативна
Ключови думи трилъри
653 ## - Ключова дума – ненормативна
Ключови думи детска литература
700 1# - Други автори (авторска отговорност)
Друг автор Щерева, Елена Методиева
Авт. отговорност на др. автор прев.
9 (RLIN) 302989
852 ## - Местоположение
Сигнатура (форматна) Цб 246032
Отдел Хранилище
Систематично-азбучна сигнатура 821-93/С 62 Р
942 ## - АРТИКУЛИ
Вид на библиотечния документ Книги
Скрит в OPAC Не
Koha issues (borrowed), all copies 8
944 ## - СЪЗДАВАНЕ И РЕДАКЦИЯ на ЗАПИСА
Създаване/Редакция Създаване
Дата на регистрацията/редакция 19.11.2009
Служител, извършил регистрацията/редакцията 30537
Номер на служител Грета Цуфелде
944 ## - СЪЗДАВАНЕ И РЕДАКЦИЯ на ЗАПИСА
Създаване/Редакция Редакция
Дата на регистрацията/редакция 2023-07-19
Служител, извършил регистрацията/редакцията СТ
999 ## - СИСТЕМНИ КОНТРОЛНИ НОМЕРА
Koha biblionumber 88048
Koha biblioitemnumber 88048
Наличности
Код за отписване Код за изгубен артикул Източник на класификационната схема Код за повреда Коз за рестрикции Код за отдаване Артикулен № Име на библиотеката - собственик Име на библиотеката, в която се намира в момента Статус (Текущо местоположение) Дата на вписване в системата Местоположение - отдел Цена в лева Инвентарен номер Систематично азбучна сигнатура Баркод Номер на екземпляра Цена в евро Служебна бележка Служебен тип на артикула
Изтеглен Не е изгубен Universal Decimal Classification Не е повреден без рестрикции заемане за дома 142538 Регионална библиотека "Любен Каравелов" Русе Регионална библиотека "Любен Каравелов" Русе Детски отдел 2009-11-19 Детски отдел 6.90 120000739843 ДХ 820/899/С 62 120000739843 1 3.53 Дост: Pk Вид: Ф N: 22430 Дата: 17.11.2009 Дата инв: 10.08.2015 Бележки инв: Д2015 Книги
  Не е изгубен   Не е повреден без рестрикции ползва се в читалня 142539 Регионална библиотека "Любен Каравелов" Русе Регионална библиотека "Любен Каравелов" Русе Хранилище 2010-09-23 Хранилище 6.90 120000745885 Цб 246032 120000745885 2 3.53 Дост: Dp Вид: Д N: 4 Дата: 13.01.2010 Книги
  Не е изгубен Universal Decimal Classification Не е повреден   заемане за дома 931275 Регионална библиотека "Любен Каравелов" Русе Регионална библиотека "Любен Каравелов" Русе Детски отдел 2023-07-21 Детски отдел 6.90 120000890323 821-93/С 62 Р 120000890323   3.53   Книги
Vip Innovations Ltd, Rousse, Bulgaria 2025